000 00844nam a22003015i 4500
999 _c523904
_d523904
001 20043030
003 NUST
005 20190610125938.0
008 170929s2017 mau 000 0 eng
010 _a 2017956524
020 _a9781337629157
038 _aazhar
040 _aDLC
_beng
_erda
_cDLC
042 _apcc
082 _a620.11
_bASK
100 1 _aAskeland, Donald R.
_914727
245 1 0 _aEssentials of materials science and engineering 4e /
_cDonald R. Askeland, Wendelin J. Wright.
250 _aSi edition.
263 _a1712
264 1 _aBoston, MA :
_bCengage,
_c2017.
300 _apages cm
336 _atext
_btxt
_2rdacontent
337 _aunmediated
_bn
_2rdamedia
338 _avolume
_bnc
_2rdacarrier
906 _a0
_bibc
_corignew
_d2
_eepcn
_f20
_gy-gencatlg
942 _2ddc
_cBK